| 000 | 00793nam a22002417a 4500 | ||
|---|---|---|---|
| 003 | KOHA_MİRAKIL | ||
| 005 | 20260407075500.0 | ||
| 008 | 260401b tu ||||| |||| 00| 0 tur d | ||
| 020 | _a9789755339276 | ||
| 040 |
_aTR-AnABB _btur _cTR-AnABB |
||
| 041 | _atur | ||
| 082 |
_a320.53109561 _bAKK 2020 |
||
| 100 | 1 | _aAkkurt, Halil | |
| 245 | 1 | 0 |
_aTürkiye solunda Osmanlı toplum yapısı tartışmaları / _cHalil Akkurt |
| 246 | _a1960-1980 | ||
| 250 | _a1. baskı | ||
| 260 |
_aAnkara : _bİmge Kitabevi, _c2020 |
||
| 300 |
_a476 sayfa ; _c20 cm |
||
| 500 | _aTürk Sosyal Bilimler Derneği 2019 Genç Sosyal Bilimciler ödülü (Doktora tezi kategorisinde) | ||
| 650 | 0 | 4 | _aTürkiye'de Sosyalist Düşünce Tarihi |
| 900 | _bCan ÇELIK | ||
| 942 |
_2ddc _cBK |
||
| 999 |
_c10137 _d10137 |
||